Vietnam Heritage Cultural Heritage Association of Vietnam. A ghost Bazar and a pair of mats

Đã lưu trong:
书目详细资料
格式: 未知
出版: 2014
标签: 添加标签
没有标签, 成为第一个标记此记录!
Thư viện lưu trữ: Mạng thư viện Đại học Đà Nẵng
LEADER 00734na a2200205 4500
001 000032486
003 8575
005 20151002091341.0
008 151002s2014 000
082 |a 420.30 
245 |a Vietnam Heritage Cultural Heritage Association of Vietnam. A ghost Bazar and a pair of mats  |c Lê Thanh Hải 
260 |c 2014 
OWN |a LNN 
AVA |a UDN50  |b LNN  |d 420.30  |e available  |t Error 5001 Not defined in file expand_doc_bib_avail.  |f 2  |g 0  |h N  |i 0  |k 1 
999 |a From the UDN01 
AVA |a UDN50  |b LNN  |d 420.30  |e available  |t Error 5001 Not defined in file expand_doc_bib_avail.  |f 2  |g 0  |h N  |i 0  |k 1 
TYP |a Printed language 
980 |a Mạng thư viện Đại học Đà Nẵng